Warning signs (Record no. 107146)

MARC details
000 -LEADER
fixed length control field 00837cab a22002055a 4500
001 - CONTROL NUMBER
control field L138364
008 - FIXED-LENGTH DATA ELEMENTS--GENERAL INFORMATION
fixed length control field 070601e2007 xxk f 100 0 eng d
035 ## - SYSTEM CONTROL NUMBER
System control number (Sirsi) u138364
041 0# - LANGUAGE CODE
Language code of text/sound track or separate title eng
100 1# - MAIN ENTRY--PERSONAL NAME
Personal name De Souza, Jeremy
245 00 - TITLE STATEMENT
Title Warning signs
260 ## - PUBLICATION, DISTRIBUTION, ETC.
Date of publication, distribution, etc. 2007
490 #0 - SERIES STATEMENT
Series statement Taxation
Volume/sequential designation 159(4109) 31 May 2007, 602-604(3)
520 ## - SUMMARY, ETC.
Summary, etc. Discusses some of the potential problems with the Stamp Duty Land Tax anti-avoidance rules. Reports that some of the wording is open to interpretation, that there will be increased liability as a result of the proposals, and that there will need to be a thorough review of property transactions on or after 6 December 2006.
590 ## - LOCAL NOTE (RLIN)
Local note KA
650 24 - SUBJECT ADDED ENTRY--TOPICAL TERM
Topical term or geographic name entry element STAMP DUTY LAND TAX
651 #4 - SUBJECT ADDED ENTRY--GEOGRAPHIC NAME
Geographic name ENGLAND AND WALES
690 ## - LOCAL SUBJECT ADDED ENTRY--TOPICAL TERM (OCLC, RLIN)
Topical term or geographic name as entry element PROPERTY-PROPERTY TAXATION-STAMP DUTY LAND TAX
942 ## - ADDED ENTRY ELEMENTS (KOHA)
Suppress in OPAC 0
Holdings
Withdrawn status Lost status Source of classification or shelving scheme Damaged status Not for loan Home library Current library Shelving location Date acquired Total Checkouts Full call number Barcode Date last seen Copy number Price effective from Koha item type
    Dewey Decimal Classification     London London Journal article 01/06/2007   L138364 138364-1001 06/08/2019 1 06/08/2019 Journal article